000 01043na a2200289 4500
001 20638
003 MIRAKIL
005 20181213155141.0
008 170125b tu 000 0
020 _a9786055614737
035 _a20638
040 _aMilas
_btur
_cTR-AnCHP
041 _atur
082 _a323.4
_bÇ63 2010
090 _a323.4 Ç63 2010
111 _aÇoğulcu Demokrasi Çoğunlukçu Demokrasi İkilemi ve İnsan Hakları Toplantısı
_cAnkara
_d2010
245 _aÇoğulcu demokrasi çoğunlukçu demokrasi ikilemi ve insan hakları toplantısı
_cKamu Hukukçuları Paltformu; yayına hazırlayan Ece Göztepe
260 _aAnkara
_bTürkiye Barolar Birliği
_c2011
300 _axvi, 347 s.
_c24 s.
440 _aTürkiye Barolar Birliği Yayınları
_v186
490 _aTBB İnsan Hakları Merkezi Yayını
_v10
650 _aİnsan hakları
_xDemokrasi
_yToplantılar
650 _aDemokrasi
_xÇoğulculuk
_yToplantılar
700 _aGöztepe, Ece
710 _aKamu Hukukçuları Platformu
942 _2ddc
_cBKS
999 _c7501
_d7501